Quiztastic TV Character Picture-Quiz Stats

 Plays Quiz not verified by Sporcle

Score 0/36 Timer 08:00
0 Plays Today
% Correct
The Simpsons
87%
ER
85.2%
George Clooney
82.4%
Alec Baldwin
82.3%
30 Rock
81.3%
Downton Abbey
80.9%
Friends
79.3%
Breaking Bad
79.3%
Tom Selleck
71.6%
Buffy the Vampire Slayer
71.3%
Sideshow Bob
68%
Maggie Smith
67%
Tina Fey
64.9%
Jennifer Aniston
61%
House of Cards
60.3%
Jesse Pinkman
60.1%
The Sopranos
55.6%
Bryan Cranston
52.6%
% Correct
Alyson Hannigan
51.9%
Richard Burke
51.7%
Kevin Spacey
51.6%
Robin Wright
51.3%
Sarah Michelle Gellar
50.9%
Aaron Paul
50.1%
Willow Rosenberg
49%
Jack Donaghy
47.7%
Kelsey Grammer
42.4%
Edie Falco
42.2%
James Gandolfini
38.7%
Claire Underwood
35.3%
Doug Ross
33.7%
Carmela Soprano
32.7%
Anthony Edwards
24.9%
Dowager Countess of Grantham
20.9%
Dan Castellaneta
20.8%
Hugh Bonneville
20.6%

You're not logged in!

Compare scores with friends on all Sporcle quizzes.
OR
Log In

Show Comments

Extras

Top Quizzes Today


Score Distribution

Your Account Isn't Verified!

In order to create a playlist on Sporcle, you need to verify the email address you used during registration. Go to your Sporcle Settings to finish the process.

Report this User

Report this user for behavior that violates our Community Guidelines.

Details: